000 00402nam a22001577a 4500
999 _c9245
_d9245
003 OSt
008 201119b ||||| |||| 00| 0 eng d
020 _a9780199219865
100 _aHardy, G.H. and Wright, Edward M.
245 _aAn Introduction to the Theory of Numbers
250 _a6th Ed.
260 _aNew Delhi
_bOxford
_c2008
300 _a621
650 _aB.Sc Non Medical
942 _2ddc
_cBK